Salzburger Gaue - Statistiken

Allgemein
  • Dieses Quiz wurde 214 mal gespielt
  • Das Durchschnittsergebnis liegt bei 4 aus 5
Antworten auf der Karte
Die Antworten werden auf der Karte rot bzw. grün angezeigt, abhängig davon wie oft sie richtig erraten wurden.
 
Antwortstatistiken
Gau % Korrekt
Pongau
93%
Pinzgau
85%
Flachgau
80%
Tennengau
80%
Lungau
77%
Keine übereinstimmenden Quizze gefunden
Verteilung der Resultate
Anzahl Personen mit jedem Resultat
Perzentil nach korrekt beantworteten Fragen
Ihre Resultats-Entwicklung
Sie haben dieses Quiz noch nicht gespielt